|
|
|
|
| LEADER |
01233nam a2200325 a 4500 |
| 001 |
13829069 |
| 003 |
BD-DhAAL |
| 005 |
20230626122013.0 |
| 008 |
120724s2004 nsc 000 0 eng d |
| 010 |
|
|
|a 2005440886
|
| 020 |
|
|
|a 9766372098
|
| 020 |
|
|
|a 8182910056
|
| 020 |
|
|
|a 1842770160 (Zed Books)
|
| 020 |
|
|
|a 1842770179 (Zed Books : pbk.)
|
| 020 |
|
|
|a 1552661539 (Canada : pbk.)
|
| 020 |
|
|
|a 9832535433
|
| 040 |
|
|
|a NLC
|b eng
|c NLC
|d OCLCQ
|d DLC
|d BD-DhAAL
|
| 082 |
0 |
4 |
|a 305.42/09045
|2 22
|
| 100 |
1 |
|
|a Antrobus, Peggy.
|9 54896
|
| 245 |
1 |
4 |
|a The global women's movement :
|b origins, issues and strategies /
|c Peggy Antrobus.
|
| 260 |
|
|
|a Black Point, N.S. :
|b Fernwood Pub. ;
|a London ;
|a New York :
|b Zed Books,
|c 2004.
|
| 300 |
|
|
|a xiv, 204 pages ;
|c 21 cm.
|
| 490 |
1 |
|
|a Global issues in a changing world
|
| 541 |
|
|
|a 00025655
|
| 650 |
|
0 |
|a Feminism
|x History
|y 20th century.
|9 54897
|
| 830 |
|
0 |
|a Global issues series (Zed Books)
|9 7915
|
| 852 |
1 |
|
|a Ayesha Abed Library
|j General shelf
|
| 942 |
|
|
|2 ddc
|c BK
|
| 999 |
|
|
|c 12617
|d 12617
|
| 952 |
|
|
|0 0
|1 0
|2 ddc
|4 0
|6 305_420000000000000_09045_ANT
|7 0
|9 20811
|a BIGD
|b BIGD
|c GEN
|d 2023-06-26
|e BDI
|l 0
|o 305.4209045 ANT
|p 3050025655
|r 2012-07-24
|t 1
|w 2012-07-24
|y BK
|x Transferred from BDI to BIGD.
|